El general cristero Jesús Degollado Guizar y la toma de Manzanillo en 1928 /

Este artículo utiliza la frustrada “toma” de Manzanillo como un laboratorio para explorar preguntas como la posibilidad real que los cristeros tenían, a través de su guerra de guerrillas, de derrocar al gobierno mexicano. El autor sugiere que el ejército cristero, lejos de formar una fuerza homogéne...

Full description

Bibliographic Details
Main Author: Ortoll, Servando
Format: Analitica de revista
Language:Spanish
Published: México Universidad Autónoma Metropolitana 2005
Online Access:Acceso electrónico al documento

MARC

LEADER 00000cab a2200000 a 4500
001 042652
003 UAHC_CL
005 20170803124721.0
008 070508s1999 mx j 000 1 spa
040 |a UAHC_CL  |c UAHC_CL  |d UAHC_CL 
100 1 |a Ortoll, Servando 
245 1 3 |a El general cristero Jesús Degollado Guizar y la toma de Manzanillo en 1928 /  |c Servando Ortoll. 
260 |b Universidad Autónoma Metropolitana  |a México  |c 2005 
300 |a pp. 8-41 
500 |a En: Signos históricos, 2005, nº14. pp. 8-41. ISSN 16654420. 
500 |a En: Signos históricos, 2005, nº14. pp. 8-41. ISSN 16654420. 
520 |a Este artículo utiliza la frustrada “toma” de Manzanillo como un laboratorio para explorar preguntas como la posibilidad real que los cristeros tenían, a través de su guerra de guerrillas, de derrocar al gobierno mexicano. El autor sugiere que el ejército cristero, lejos de formar una fuerza homogénea y bien disciplinada, estaba conformado por rebeldes mal organizados e incapaces de cumplir órdenes dictadas por sus generales. Utilizando una amplia variedad de documentos inéditos y publicados, Ortoll cuestiona la postura oficial pro-cristera, que sostiene que el asalto a Manzanillo resultó en un triunfo para las tropas rebeldes. 
520 |a Este artÌculo utiliza la frustrada ìtomaî de Manzanillo como un laboratorio para explorar preguntas como la posibilidad real que los cristeros tenÌan, a travÈs de su guerra de guerrillas, de derrocar al gobierno mexicano. El autor sugiere que el ejÈrcito cristero, lejos de formar una fuerza homogÈnea y bien disciplinada, estaba conformado por rebeldes mal organizados e incapaces de cumplir Ûrdenes dictadas por sus generales. Utilizando una amplia variedad de documentos inÈditos y publicados, Ortoll cuestiona la postura oficial pro-cristera, que sostiene que el asalto a Manzanillo resultÛ en un triunfo para las tropas rebeldes. 
759 |a PP166 
773 0 |t Signos lingüísticos  |w 042655 
856 |u redalyc.uaemex.mx/redalyc/src/inicio/HomRevRed.jsp?iCveEntRev=344  |3 Acceso electrónico al documento  |y Acceso electrónico al documento 
856 |u redalyc.uaemex.mx/redalyc/src/inicio/HomRevRed.jsp?iCveEntRev=344  |3 Acceso electrónico al documento  |y Acceso electrónico al documento 
900 |a SIG. HIS.-14/05 
942 |c REVA 
952 |0 0  |1 0  |4 0  |6 SIG___HIS_14_05_000000000000000  |7 0  |8 General  |9 79606  |a BC  |b BC  |c General  |d 2017-08-03  |l 0  |o SIG. HIS.-14/05  |p FICTICIO7689  |r 2019-01-08 00:00:00  |t 1  |w 2017-08-03  |y REVA 
999 |c 42652  |d 42652